000 00570nam a2200205Ia 4500
003 GCL
008 140319s9999 xx 000 0 ara d
040 _aGCL /
_cGCL
082 0 4 _aق
_b932
_bا ا
100 1 _aاحمد نجيب
245 1 0 _aالاثر الجليل لقدماء وادى النيل /
_cاحمد نجيب
260 _a[S.N] :
_bمكتبة مدبولى ،
_c1991
300 _a392 ص
490 _a
650 0 4 _aمصر
650 0 4 _aتاريخ
650 0 4 _aمصر القديمة
650 0 4 _aالحضارة المصرية
942 _2ddc
_cBK
999 _c52521
_d52521